| 000 | 00508nam a2200169Ia 4500 | ||
|---|---|---|---|
| 003 | IN-BaIIA | ||
| 008 | 211028s9999 xx 000 0 eng d | ||
| 040 | _cIIA Library | ||
| 080 |
_a53 _bSTR |
||
| 100 |
_aStrong, John _92379 |
||
| 245 | 0 |
_aProcedures in experimental physics _cJohn Strong |
|
| 260 |
_aNew York _bPrentice-Hall _c1939 |
||
| 300 | _ax, 642p. | ||
| 490 | _aPrentice-Hall physics series | ||
| 650 |
_aPhysics-Laboratory manuals _92380 |
||
| 942 | _cBK | ||
| 999 |
_c1131 _d1131 |
||